| 000 | 00595nam a22002177a 4500 | ||
|---|---|---|---|
| 003 | OSt | ||
| 005 | 20150311162238.0 | ||
| 008 | 150205b xxu||||| |||| 00| 0 eng d | ||
| 020 | _a84-7017-700-1 | ||
| 040 | _cBMC | ||
| 082 | _a813.5 | ||
| 100 | 1 |
_aBenchley, Peter _d1940-2006 _930850 |
|
| 245 | 1 | 0 |
_aIsla _cPeter Benchley ; [traducción, Antonio Samons] |
| 250 | _a3ª ed | ||
| 260 |
_aBarcelona _bArgos Vergara _c1980 |
||
| 300 |
_a282 p. _c20 cm |
||
| 595 | _aTraducción de: The Island | ||
| 650 | 2 | 4 |
_917595 _aNovela norteamericana |
| 700 | 1 |
_aSamons, Antonio _931250 |
|
| 942 |
_2ddc _cBK |
||
| 999 |
_c18187 _d18187 |
||